000 00286nam a22001097a 4500
082 _a658.5421 MAY'M
100 _aSTEGEMERTEN, G. J,MAYNARD, HAROLD B,SCHWAB, JOHN L
_956991
245 _aMETHODS TIME MEASUREMENT
260 _aNEWYORK
_bMCGRAW HILL
_c1948
300 _a292P
942 _cBK
999 _c567312
_d567312